| 000 | 00501nam a2200181Ia 4500 | ||
|---|---|---|---|
| 005 | 20260415160356.0 | ||
| 008 | 008 250505s9999 xx 000 0 eng d | ||
| 037 | _aTextual | ||
| 040 |
_aFEDL _beng _cFEDL |
||
| 041 |
_aeng _2eng |
||
| 084 |
_a320 PRA _qFEDL |
||
| 100 |
_aPrasad Beni _9172124 |
||
| 245 | 0 | _aA.B.C. of civics | |
| 260 |
_aAllahabad, India _bThe Indian Press Limited _c1944 |
||
| 300 | _a172p. | ||
| 942 |
_cTEXL _h320 PRA |
||
| 999 |
_c1322230 _d1322230 |
||